000 00926nas a2200265 i 4500
001 1665
003 ES-MaACL
005 20250812062554.0
008 950801d1907 sp mr p 0 1b|spa d
080 _a7
245 0 0 _aPor el arte :
_brevista mensual.
260 _aMadrid :
_b[s.n.],
_c1907- (
_fTip. Hijos de F. Marqués)
300 _a1 v. :
_bil. ;
_c28 cm.
310 _aMensual
362 0 _aAño I, n. 1 (en. 1907)-
530 _aDisponible en formato digital.
650 7 _aArte
_2embne
_910068
655 7 _2tgfbne
_9226866
_aRevistas
852 4 _aES-MaACL
_jG-5803
_cDEPO2
_eEjemplar mutilado, faltan p.: 32-33, 49-50, 107-108, 139-140, 161-164; 2º año: p. 17-18
856 4 _uhttps://prensahistorica.mcu.es/es/consulta/registro.do?id=1029734
_zBiblioteca Virtual de Prensa Histórica
866 0 _o1907(1908).
942 _2udc
_cPERIODICA
999 _c1665
_d1665